Only The Poets - Stolen Bikes (all lyrics) - Statistics

General Stats
  • This quiz has been taken 11 times
  • The average score is 181 of 305
Answer Stats
Answer % Correct
A
100%
an
100%
I
100%
it
100%
the
100%
to
100%
all
67%
(All
67%
All
67%
And
67%
and
67%
bikes
67%
corner
67%
do
67%
do)
67%
Do
67%
eye
67%
go
67%
I'll
67%
It's
67%
keep
67%
now
67%
on
67%
or
67%
out
67%
'round
67%
stolen
67%
that
67%
trip
67%
up
67%
wow
67%
(wow
67%
you
67%
You
67%
back
33%
beautiful
33%
blue
33%
borrow
33%
come
33%
Come
33%
decide
33%
Faster
33%
faster
33%
flashing
33%
for
33%
friends
33%
get
33%
If
33%
Just
33%
let
33%
light
33%
lights
33%
like
33%
make
33%
only
33%
run
33%
running
33%
Sing
33%
sing
33%
sunrise
33%
take
33%
Take
33%
'till
33%
unpredictable
33%
unpredictable)
33%
we'll
33%
we're
33%
again
0%
around
0%
bars
0%
block
0%
brakes
0%
call
0%
clean
0%
cut
0%
daylight
0%
getaway
0%
handle
0%
lock
0%
ride
0%
turn
0%
No matching quizzes found
Score Distribution
Percent of People with Each Score
Percentile by Number Answered
Your Score History
You have not taken this quiz